Összeesküvés és biológiai determinizmus az 1920-as évek magyar faji antiszemitizmusában
Elmentve itt :
| Szerző: | |
|---|---|
| Dokumentumtípus: | Könyv része |
| Megjelent: |
2018
|
| Sorozat: | A vallási kultúrakutatás könyvei
32 Tapasztalatból hallottam... : alternatív világképek, összeesküvés-elméletek társadalomtudományi elemzése 32 |
| Kulcsszavak: | Antiszemitizmus - Magyarország - 1920-as évek, Szociológia, Társadalomlélektan, Összeesküvés-elméletek |
| Tárgyszavak: | |
| Online Access: | http://acta.bibl.u-szeged.hu/69708 |
| LEADER | 01000naa a2200229 i 4500 | ||
|---|---|---|---|
| 001 | acta69708 | ||
| 005 | 20211125111758.0 | ||
| 008 | 200630s2018 hu o 0|| hun d | ||
| 020 | |a 978-963-508-868-3 | ||
| 022 | |a 2064-4825 | ||
| 040 | |a SZTE Egyetemi Kiadványok Repozitórium |b hun | ||
| 041 | |a hun | ||
| 100 | 1 | |a Kund Attila | |
| 245 | 1 | 0 | |a Összeesküvés és biológiai determinizmus az 1920-as évek magyar faji antiszemitizmusában |h [elektronikus dokumentum] / |c Kund Attila |
| 260 | |c 2018 | ||
| 300 | |a 91-103 | ||
| 490 | 0 | |a A vallási kultúrakutatás könyvei |v 32 | |
| 490 | 0 | |a Tapasztalatból hallottam... : alternatív világképek, összeesküvés-elméletek társadalomtudományi elemzése |v 32 | |
| 650 | 4 | |a Társadalomtudományok | |
| 650 | 4 | |a Szociológia | |
| 695 | |a Antiszemitizmus - Magyarország - 1920-as évek, Szociológia, Társadalomlélektan, Összeesküvés-elméletek | ||
| 856 | 4 | 0 | |u http://acta.bibl.u-szeged.hu/69708/1/vallasi_kulturakutatas_032_091-103.pdf |z Dokumentum-elérés |